| 000 | 00944nac a22002051u 4500 | ||
|---|---|---|---|
| 008 | 091223t xxu||||| |||| 00| 0 eng d | ||
| 010 | _a 00032414 | ||
| 020 | _a0133276790 | ||
| 082 | 0 | 0 |
_a659.2 _bSEI _222 |
| 100 |
_aSeitel, Fraser P. _910112 |
||
| 245 | 1 | 4 |
_aThe Practice of Public Relations / _cFraser P. Seitel |
| 250 | _a8th ed. | ||
| 260 |
_aUpper Saddle River, NJ : _bPrentice Hall, _cc2001. |
||
| 300 |
_axxiii, 534 p. : _bill. (some col.) ; _c26 cm. |
||
| 504 | _aIncludes bibliographical references and index. | ||
| 650 | 0 |
_aPublic relations _zUnited States. _910113 |
|
| 942 |
_cBB _k659.2SEI _2ddc |
||
| 999 |
_c4255 _d4255 |
||